[Event "Miedzyzdroje OB Seniors 23rd"]
[Site "Miedzyzdroje"]
[Date "2015.06.22"]
[Round "6"]
[White "Nyikos, Laszlo"]
[Black "Lewandowski, Tadeusz"]
[Result "1/2-1/2"]
[WhiteElo "1696"]
[BlackElo "1703"]
[PlyCount "47"]
[EventDate "2015.06.17"]
[EventType "swiss"]
[EventRounds "8"]
[EventCountry "POL"]
[SourceTitle "EXT 2018"]
[Source "ChessBase"]
[SourceDate "2017.10.13"]
[SourceVersion "1"]
[SourceVersionDate "2017.10.13"]
[SourceQuality "1"]

1. e4 c6 2. Nc3 d5 3. d4 dxe4 4. Nxe4 Nd7 5. Nf3 Ngf6 6. Ng3 e6 7. Bd3 Bd6 8. Ne4 Nxe4 9. Bxe4 Qc7 10. c3 h6 11. Bd3 Nf6 12. Qc2 b6 13. h3 Bb7 14. Be2 c5 15. Bb5+ Bc6 16. Bxc6+ Qxc6 17. 0-0 0-0 18. Re1 Qc7 19. Re2 Rac8 20. dxc5 Bxc5 21. Be3 Bxe3 22. Rxe3 Rfd8 23. Rd1 Nd5 24. Red3 1/2-1/2

[Event "Berlin-ch Seniors op 26th"]
[Site "Berlin"]
[Date "2010.02.17"]
[Round "9"]
[White "Nyikos, Laszlo"]
[Black "Bauer, Stefan"]
[Result "1/2-1/2"]
[WhiteElo "1601"]
[BlackElo "1488"]
[PlyCount "88"]
[EventDate "2010.02.09"]
[EventType "swiss"]
[EventRounds "9"]
[EventCountry "GER"]
[SourceTitle "EXT 2012"]
[Source "ChessBase"]
[SourceDate "2011.11.24"]
[SourceVersion "1"]
[SourceVersionDate "2011.11.24"]
[SourceQuality "1"]

1. b4 e5 2. Bb2 d6 3. e4 Nf6 4. Nc3 Be7 5. a3 0-0 6. Bc4 c6 7. Nf3 b5 8. Bb3 Bg4 9. h3 Bh5 10. g4 Bg6 11. Qe2 a5 12. d4 Qd7 13. Nh4 exd4 14. Nxg6 dxc3 15. Nxe7+ Qxe7 16. Bxc3 Qxe4 17. Qxe4 Nxe4 18. Bb2 d5 19. f3 Ng5 20. Kf2 axb4 21. axb4 Rxa1 22. Bxa1 Nd7 23. h4 Ne6 24. Rd1 h6 25. c4 bxc4 26. Bxc4 f5 27. gxf5 Rxf5 28. Bd3 Rf4 29. Re1 Ndf8 30. h5 Rxb4 31. Bf5 Ng5 32. Be5 Rb3 33. f4 Nf7 34. Ba1 Ra3 35. Rg1 Ra2+ 36. Kf3 Ra3+ 37. Ke2 Ra2+ 38. Kd3 Rxa1 39. Rxa1 Nd6 40. Bh3 Ne4 41. Ke3 Kf7 42. Ra6 c5 43. Ra7+ Kg8 44. Ra8 Kf7 1/2-1/2

[Event "Berlin-ch Seniors op 26th"]
[Site "Berlin"]
[Date "2010.02.13"]
[Round "5"]
[White "Nyikos, Laszlo"]
[Black "Krempelsetzer, Klaus"]
[Result "1-0"]
[WhiteElo "1601"]
[BlackElo "1716"]
[PlyCount "107"]
[EventDate "2010.02.09"]
[EventType "swiss"]
[EventRounds "9"]
[EventCountry "GER"]
[SourceTitle "EXT 2012"]
[Source "ChessBase"]
[SourceDate "2011.11.24"]
[SourceVersion "1"]
[SourceVersionDate "2011.11.24"]
[SourceQuality "1"]

1. b4 e5 2. Bb2 Bxb4 3. Bxe5 Nf6 4. Nf3 Nc6 5. Bb2 0-0 6. e3 d5 7. Be2 Bg4 8. 0-0 Re8 9. d3 Bxf3 10. Bxf3 Ne5 11. Be2 Qe7 12. Nd2 Rad8 13. Nf3 Bd6 14. Nd4 Qd7 15. h3 c5 16. Nf3 b6 17. a4 Nc6 18. Re1 Be7 19. Ne5 Nxe5 20. Bxe5 Qe6 21. Bb2 c4 22. d4 Ne4 23. c3 Qf6 24. Rf1 Bd6 25. Bf3 Bc7 26. Bxe4 Rxe4 27. Ba3 Re6 28. Ra2 Qh6 29. Qf3 Rde8 30. Qxd5 g5 31. Qf3 Qg6 32. d5 Rf6 33. Qe2 h5 34. Qxc4 Bb8 35. Rd2 g4 36. hxg4 hxg4 37. Rd4 Rf5 38. Rxg4 Rg5 39. Rxg5 Qxg5 40. d6 Kg7 41. Qd4+ Kg6 42. Rd1 Qh5 43. f3 f5 44. Qf4 Rh8 45. Qg3+ Kf6 46. Kf2 Qf7 47. Rd2 Rg8 48. Qf4 Qg6 49. g4 Kg7 50. Qxf5 Qh6 51. Qh5 Qf6 52. c4 Qe6 53. Bb2+ Kf8 54. Qf5+ 1-0

[Event "Berlin-ch Seniors op 25th"]
[Site "Berlin"]
[Date "2009.02.17"]
[Round "6"]
[White "Nyikos, Laszlo"]
[Black "Schweitzer, Paul"]
[Result "1/2-1/2"]
[WhiteElo "1523"]
[BlackElo "1806"]
[PlyCount "42"]
[EventDate "2009.02.12"]
[EventType "swiss"]
[EventRounds "9"]
[EventCountry "GER"]
[SourceTitle "EXT 2022"]
[Source "ChessBase"]
[SourceDate "2021.10.06"]
[SourceVersion "1"]
[SourceVersionDate "2021.10.06"]
[SourceQuality "1"]

1. e4 c6 2. Nc3 d6 3. Bc4 e6 4. Nf3 Be7 5. d4 a5 6. 0-0 b5 7. Bd3 Ba6 8. Re1 Nd7 9. d5 cxd5 10. exd5 e5 11. Bxb5 Ngf6 12. Bxa6 Rxa6 13. Bg5 a4 14. Qe2 Ra8 15. Qc4 a3 16. bxa3 Rc8 17. Qd3 Qa5 18. Ne4 Nxe4 19. Qxe4 f6 20. Be3 f5 21. Qb4 Qxd5 1/2-1/2

[Event "Berlin-ch Seniors op 25th"]
[Site "Berlin"]
[Date "2009.02.13"]
[Round "2"]
[White "Stiemerling, Karl Heinz"]
[Black "Nyikos, Laszlo"]
[Result "0-1"]
[WhiteElo "1779"]
[BlackElo "1523"]
[PlyCount "100"]
[EventDate "2009.02.12"]
[EventType "swiss"]
[EventRounds "9"]
[EventCountry "GER"]
[SourceTitle "EXT 2022"]
[Source "ChessBase"]
[SourceDate "2021.10.06"]
[SourceVersion "1"]
[SourceVersionDate "2021.10.06"]
[SourceQuality "1"]

1. d4 d5 2. Nf3 Nf6 3. h3 Nc6 4. Bf4 Bf5 5. e3 Nb4 6. Na3 a6 7. c3 Nc6 8. Be2 e6 9. 0-0 Bd6 10. Ne5 0-0 11. Nxc6 bxc6 12. Bxd6 cxd6 13. Nc2 a5 14. b4 Ne4 15. Qe1 Nxf2 16. Rxf2 Bxc2 17. c4 axb4 18. Qxb4 Qg5 19. Qc3 Bf5 20. Kh2 Be4 21. Bf3 Bxf3 22. Rxf3 dxc4 23. Qxc4 Qb5 24. Qc2 c5 25. Rb1 Qa5 26. Rf2 cxd4 27. exd4 Rfc8 28. Qe2 Qd5 29. Rd1 h6 30. Rd2 Rc4 31. Qf3 Qxf3 32. Rxf3 Rca4 33. Rff2 f6 34. Rfe2 Kf7 35. h4 R8a7 36. h5 e5 37. dxe5 dxe5 38. g3 g6 39. hxg6+ Kxg6 40. Kh3 Kg5 41. Rb2 Ra3 42. Kg2 R7a4 43. Rf2 h5 44. Rfe2 Kg4 45. Rb3 Rxa2 46. Kf2 Rxe2+ 47. Kxe2 f5 48. Kf1 e4 49. Kg2 Ra2+ 50. Kf1 Rd2 0-1

[Event "Berlin-ch Seniors op 25th"]
[Site "Berlin"]
[Date "2009.02.12"]
[Round "1"]
[White "Nyikos, Laszlo"]
[Black "Mueller, Johannes1111"]
[Result "0-1"]
[WhiteElo "1523"]
[BlackElo "1905"]
[PlyCount "56"]
[EventDate "2009.02.12"]
[EventType "swiss"]
[EventRounds "9"]
[EventCountry "GER"]
[SourceTitle "EXT 2022"]
[Source "ChessBase"]
[SourceDate "2021.10.06"]
[SourceVersion "1"]
[SourceVersionDate "2021.10.06"]
[SourceQuality "1"]

1. e4 c6 2. Nf3 d5 3. exd5 cxd5 4. d4 e6 5. Bd3 Nf6 6. Nc3 a6 7. a3 Bd6 8. h3 Qc7 9. Bd2 Nbd7 10. Qe2 b5 11. Na2 Bb7 12. Bb4 0-0 13. Bxd6 Qxd6 14. 0-0 Ne4 15. Qe3 f5 16. Ng5 f4 17. Nxe4 dxe4 18. Qe2 exd3 19. Qxd3 Nf6 20. Nc3 f3 21. g3 Rad8 22. d5 Nxd5 23. Ne4 Qe5 24. Rad1 Qf5 25. g4 Qf4 26. Nc5 Bc8 27. Rfe1 Qf6 28. Ne4 Qh4 0-1

[Event "Berlin-ch Seniors op 24th"]
[Site "Berlin"]
[Date "2008.02.29"]
[Round "9"]
[White "Nyikos, Laszlo"]
[Black "Mellenthin, Horst"]
[Result "0-1"]
[WhiteElo "1476"]
[BlackElo "1666"]
[PlyCount "84"]
[EventDate "2008.02.21"]
[EventType "swiss"]
[EventRounds "9"]
[EventCountry "GER"]
[SourceTitle "EXT 2022"]
[Source "ChessBase"]
[SourceDate "2021.10.06"]
[SourceVersion "1"]
[SourceVersionDate "2021.10.06"]
[SourceQuality "1"]

1. e4 c5 2. f4 e6 3. Nf3 d5 4. exd5 exd5 5. Be2 Bd6 6. d3 Nf6 7. 0-0 Nc6 8. Nc3 0-0 9. Nb5 Bb8 10. Nc3 Re8 11. Re1 d4 12. Nb1 Nd5 13. Ng5 Bxf4 14. Ne4 Ne3 15. Bxe3 Bxe3+ 16. Kh1 Re5 17. Nbd2 f5 18. Ng3 Bf2 19. Nf3 Re8 20. Rf1 Bxg3 21. hxg3 Qe7 22. Re1 Qd6 23. Bf1 Bd7 24. Kh2 Rxe1 25. Qxe1 Re8 26. Qd2 Ne5 27. Nxe5 Qxe5 28. Qf4 Bc6 29. Qxe5 Rxe5 30. Kg1 g5 31. Kf2 Kg7 32. Rd1 Kf6 33. Rd2 Re3 34. Be2 g4 35. Bf1 Ke5 36. Be2 h5 37. Bd1 f4 38. gxf4+ Kxf4 39. Be2 h4 40. Bf1 g3+ 41. Kg1 Re1 42. b3 Ke3 0-1

[Event "Berlin-ch Seniors op 24th"]
[Site "Berlin"]
[Date "2008.02.21"]
[Round "1"]
[White "Nyikos, Laszlo"]
[Black "Rollwitz, Juergen"]
[Result "0-1"]
[WhiteElo "1476"]
[BlackElo "1779"]
[PlyCount "73"]
[EventDate "2008.02.21"]
[EventType "swiss"]
[EventRounds "9"]
[EventCountry "GER"]
[SourceTitle "EXT 2022"]
[Source "ChessBase"]
[SourceDate "2021.10.06"]
[SourceVersion "1"]
[SourceVersionDate "2021.10.06"]
[SourceQuality "1"]

1. b4 e5 2. Bb2 Bxb4 3. Bxe5 Nf6 4. e3 0-0 5. Nf3 d5 6. Be2 Nbd7 7. Bb2 Re8 8. 0-0 c6 9. d3 Bd6 10. Nbd2 Qc7 11. h3 Ne5 12. Nxe5 Bxe5 13. Bxe5 Qxe5 14. d4 Qd6 15. c4 b6 16. Rc1 Bb7 17. Bd3 c5 18. Nf3 dxc4 19. Rxc4 Bxf3 20. Qxf3 Rad8 21. Rd1 Qe6 22. Rc2 cxd4 23. exd4 Qd5 24. Qf4 Qd6 25. Qh4 g6 26. Rc4 Rc8 27. Rxc8 Rxc8 28. Bb1 Nd5 29. Qg4 Rd8 30. Qf3 Qf6 31. Qb3 Qe6 32. Qd3 Nf4 33. Qa6 Qe2 34. Qa4 Qe7 35. Qc4 Nd5 36. Bc2 Qb4 37. Qe2 0-1

[Event "Brandenburg-ch Seniors 13th"]
[Site "Lindow/Mark"]
[Date "2005.09.13"]
[Round "7"]
[White "Ollek, Karl Heinz"]
[Black "Nyikos, Laszlo"]
[Result "1-0"]
[WhiteElo "1592"]
[BlackElo "1413"]
[PlyCount "79"]
[EventDate "2005.09.07"]
[EventType "swiss"]
[EventRounds "9"]
[EventCountry "GER"]
[SourceTitle "EXT 2007"]
[Source "ChessBase"]
[SourceDate "2006.11.23"]
[SourceVersion "1"]
[SourceVersionDate "2006.11.23"]
[SourceQuality "1"]

1. Nf3 Nf6 2. g3 d5 3. Bg2 Bf5 4. 0-0 e6 5. e3 Bd6 6. d4 Nbd7 7. Nbd2 c5 8. Re1 0-0 9. Nh4 Bg6 10. Nxg6 hxg6 11. c3 Rc8 12. e4 cxd4 13. cxd4 Bb4 14. e5 Ne8 15. a3 Be7 16. Nf3 Rc4 17. Bf1 Rc8 18. h4 Nc7 19. Qb3 b6 20. Bd2 f6 21. Rac1 fxe5 22. Nxe5 Nxe5 23. dxe5 Rf5 24. Bh3 Rf8 25. Be3 Rf3 26. Bg4 Rf8 27. Qd3 Qe8 28. b4 Kh8 29. Rc2 Qf7 30. Rec1 Bd8 31. Rc6 Re8 32. b5 Kg8 33. a4 Kh8 34. Kg2 Kg8 35. Qd1 Rf8 36. R1c2 Qe8 37. Qc1 Qf7 38. Rd6 Kh7 39. Rcc6 Be7 40. Rd7 1-0

[Event "Brandenburg-ch Seniors 13th"]
[Site "Lindow/Mark"]
[Date "2005.09.11"]
[Round "5"]
[White "Ewald, Horst"]
[Black "Nyikos, Laszlo"]
[Result "1/2-1/2"]
[WhiteElo "1602"]
[BlackElo "1413"]
[PlyCount "110"]
[EventDate "2005.09.07"]
[EventType "swiss"]
[EventRounds "9"]
[EventCountry "GER"]
[SourceTitle "EXT 2007"]
[Source "ChessBase"]
[SourceDate "2006.11.23"]
[SourceVersion "1"]
[SourceVersionDate "2006.11.23"]
[SourceQuality "1"]

1. e4 e5 2. Nf3 Nc6 3. d4 exd4 4. Bc4 Be7 5. Nxd4 Ne5 6. Bb3 Nf6 7. f3 0-0 8. 0-0 c5 9. Nf5 c4 10. Nxe7+ Qxe7 11. Ba4 b5 12. f4 Qc5+ 13. Kh1 Nc6 14. e5 Ne8 15. Nc3 bxa4 16. Nd5 Qd4 17. Qf3 Rb8 18. c3 Qd3 19. Qxd3 cxd3 20. Rd1 Ba6 21. b3 f6 22. exf6 Nxf6 23. Nc7 Bb7 24. Rxd3 Rbc8 25. Nb5 Ba6 26. bxa4 Rfe8 27. Ba3 Re4 28. c4 Rce8 29. Rdd1 Bxb5 30. axb5 Nd4 31. Bc5 Nc2 32. Rac1 Rxc4 33. Bxa7 Ne3 34. Bxe3 Rb4 35. Bd4 Rxb5 36. Bxf6 gxf6 37. Rxd7 Rb2 38. Ra7 Rc2 39. Rg1 Re4 40. h3 Rxf4 41. Rb1 Rc8 42. Rbb7 h5 43. Rg7+ Kf8 44. Rh7 Kg8 45. Rxh5 Rf2 46. Rb5 f5 47. a4 Kh8 48. a5 Rg8 49. Rbb7 Rgxg2 50. Rb8+ Rg8 51. Rxg8+ Kxg8 52. a6 Ra2 53. Kg1 f4 54. h4 f3 55. Kf1 Kh8 1/2-1/2

[Event "Brandenburg-ch Seniors 13th"]
[Site "Lindow/Mark"]
[Date "2005.09.10"]
[Round "4"]
[White "Sube, Guenter"]
[Black "Nyikos, Laszlo"]
[Result "1-0"]
[WhiteElo "1654"]
[BlackElo "1413"]
[PlyCount "49"]
[EventDate "2005.09.07"]
[EventType "swiss"]
[EventRounds "9"]
[EventCountry "GER"]
[SourceTitle "EXT 2007"]
[Source "ChessBase"]
[SourceDate "2006.11.23"]
[SourceVersion "1"]
[SourceVersionDate "2006.11.23"]
[SourceQuality "1"]

1. e4 e5 2. Nc3 Nf6 3. f4 Nc6 4. Nf3 d6 5. Bc4 Be7 6. d3 h6 7. 0-0 Bg4 8. h3 Bxf3 9. Rxf3 Na5 10. Bb3 Nxb3 11. axb3 Qd7 12. Qf1 a6 13. Be3 Rf8 14. Rd1 exf4 15. Bxf4 Nh5 16. Bh2 g5 17. Nd5 0-0-0 18. Rxf7 Rfe8 19. Qf3 Nf4 20. Bxf4 gxf4 21. Qxf4 Qe6 22. Rf1 Kb8 23. Qf5 Qxf5 24. R1xf5 c6 25. Nxe7 1-0